000 00601nam a22001697a 4500
005 20251108164339.0
008 250721s1991 xx 000 0 ara d
082 1 4 _a691.3/حسي
100 1 _aجمعه، حسين محمد
245 1 0 _aالجداول الفنيه للخرسانه و التشطيبات :
_bمكونات - معدلات - مواصفات /
264 _bمكتب الدراسات و الإستشارات الهندسيه،
_c1991.
300 _a190ص
650 1 7 _aالخرسانة سابقة الإجهاد
650 1 7 _aمواد البناء
942 _2ddc
_cBK
999 _c9935
_d9935